000 00220 a2200097 4500
001 48639
100 _aHarvey, D.G.T
245 _aBritish civil Aviations
260 _aLondon
_bGeorge G Harrap
_c
090 _c31566
_d31566
942 _aNUST-CAE
_cM
_c23965
999 _c283712
_d283712